British Horolgical Institute (Record no. 120268)

MARC details
000 -LEADER
fixed length control field 00894cam a2200205 4500
001 - CONTROL NUMBER
control field WS122003
008 - FIXED-LENGTH DATA ELEMENTS--GENERAL INFORMATION
fixed length control field 030415n 000 0 eng u
035 ## - SYSTEM CONTROL NUMBER
System control number (Sirsi) u122003
110 ## - MAIN ENTRY--CORPORATE NAME
Corporate name or jurisdiction name as entry element British Horolgical Institute
9 (RLIN) 4438
245 ## - TITLE STATEMENT
Title British Horolgical Institute
520 ## - SUMMARY, ETC.
Summary, etc. Web site for this organisation open to professionals and amateurs interested in timekeeping. Includes details of educational opportunities, hints and tips, a list of members, their Code of Practice and links to their journal 'Horological Journal'. Also links to their horological movement identification photo database.
650 ## - SUBJECT ADDED ENTRY--TOPICAL TERM
Topical term or geographic name entry element WATCHES
650 ## - SUBJECT ADDED ENTRY--TOPICAL TERM
Topical term or geographic name entry element CLOCKS
650 ## - SUBJECT ADDED ENTRY--TOPICAL TERM
Topical term or geographic name entry element HOROLOGISTS
650 ## - SUBJECT ADDED ENTRY--TOPICAL TERM
Topical term or geographic name entry element CODE OF PRACTICE
650 ## - SUBJECT ADDED ENTRY--TOPICAL TERM
Topical term or geographic name entry element ORGANISATION
690 ## - LOCAL SUBJECT ADDED ENTRY--TOPICAL TERM (OCLC, RLIN)
Topical term or geographic name as entry element Arts and antiques
9 (RLIN) 6217
856 40 - ELECTRONIC LOCATION AND ACCESS
Uniform Resource Identifier <a href="https://www.bhi.co.uk">https://www.bhi.co.uk</a>
Public note View the website free of charge at www.bhi.co.uk...
942 ## - ADDED ENTRY ELEMENTS (KOHA)
Suppress in OPAC 0
Holdings
Withdrawn status Lost status Source of classification or shelving scheme Damaged status Not for loan Home library Current library Shelving location Date acquired Total Checkouts Full call number Barcode Date last seen Copy number Price effective from Koha item type
    Dewey Decimal Classification     Virtual Virtual Online 15/04/2003   WEB SITE 122003-1001 06/08/2019 1 06/08/2019 Online material